Miasta w Czechach - Nagła Śmierć - Statystyki

Ogólne statystyki
  • Ten quiz został rozwiązany 1 003 razy
    256 od ostatniego zresetowania
  • Średni wynik to 11 z 20
Answers on the Grid
Answers color-coded by a green-red scale on the quiz's grid according to % correct below.
Bańska Bystrzyca
Bjelovar
Brno
Bystrzyca Kłodzka
Cieplice
Czeskie Budziejowice
Frydek-Mistek
Graz
Győr
Hawierzów
Homel
Hradec Králové
Igława
Karlowe Wary
Karwina
Kladno
Koszyce
Krzywy Róg
Liberec
Łuck
Mikołajów
Most
Ołomuniec
Opawa
Ostrawa
Pardubice
Pilzno
Poprad
Praga
Szombathely
Trenczyn
Trnawa
Uście nad Łabą
Wodzisław Śląski
Zlin
Żory
 
Statystyki odpowiedzi
Odpowiedź % Poprawnych
Brno
81%
Praga
80%
Ostrawa
75%
Pilzno
75%
Hradec Králové
73%
Ołomuniec
69%
Liberec
68%
Czeskie Budziejowice
67%
Karlowe Wary
60%
Pardubice
59%
Frydek-Mistek
54%
Opawa
53%
Uście nad Łabą
43%
Zlin
40%
Karwina
39%
Kladno
37%
Cieplice
35%
Most
29%
Igława
27%
Hawierzów
26%
Nie znaleziono quizów pasujących do podanych kryteriów
Rozkład punktacji
Procent ludzi z każdym wynikiem
Percentyl według liczby udzielonych odpowiedzi
Twoja historia wyników
Nie rozwiązałeś tego quizu od ostatniego zresetowania